000 00610nam a2200193Ia 4500
003 GCL
008 140319s9999 xx 000 0 ara d
040 _aGCL /
_cGCL
082 0 4 _a617.6
_bع ك
100 1 _aعمار العانى
245 1 0 _aالكمبيوتر فى طب الاسنان /
_cعمار العانى
700 1 _aشريف الصباغ
700 1 _aخالد خرطبيل
260 _aبيروت :
_bدار الراتب الجامعية ،
_c1991
300 _a143 ص ؛
_c24سم
650 0 4 _aالحاسبات الالكترونية
650 0 4 _aطب الاسنان
942 _2ddc
_cBK
999 _c52642
_d52642